Szczegóły MARC21

Słownik imion /

003 -Nazwa inst., której nr kontr. jest w polu 001 [,]
    • @
    • Nazwa instytucji, której n kontrolny jest w polu 001
    • NUKAT
005 -DATA I CZAS OSTATNIEJ MODYFIKACJI [,]
    • @
    • pole kontrolne
    • 20241231100425.0
020 -Międzynarod. znormalizowany nr książki - ISBN [ , ]
    • a
    • Numer ISBN
    • 830403123X Find
    • q
    • Dopowiedzenie
    • oprawa twarda
040 -Instytucja sporządzająca opis [ , ]
    • a
    • Instytucja, która sporządziła opis (NP)
    • KR 93/TS
    • b
    • Język katalogowania
    • pol
    • e
    • Zasady katalogowania
    • rda
    • c
    • Instytucja, która sporządziła rekord (NP)
    • KR 93/TS
    • d
    • Instytucja, która zmodyfikowała rekord (P)
    • KR 93/AP
    • d
    • Instytucja, która zmodyfikowała rekord (P)
    • KR 93/MSs
    • d
    • Instytucja, która zmodyfikowała rekord (P)
    • GD 27/MDUs
    • d
    • Instytucja, która zmodyfikowała rekord (P)
    • OLSZT 008/bak
041 -Język dokumentu [1, ]
    • a
    • Język tekstu (P)
    • polski
    • a
    • Język tekstu (P)
    • francuski
    • a
    • Język tekstu (P)
    • rosyjski
    • h
    • Język tekstu oryginalnego i/lub pośredniego (P)
    • polski
942 -Rodzaj dokumentu [ , ]
    • c
    • Rodzaj dokumentu
    • Książka
245 -Strefa tytułu i oznaczenia odpowiedzialności [0,0]
    • a
    • Tytuł
    • Słownik imion / Find
    • c
    • Pozostałe elementy strefy tytułu i oznaczenia odpowiedzialności (NP)
    • opracowały Wanda Janowowa, Aldona Skarbek, Bronisława Zbijowska i Janina Zbinowska.
250 -Strefa wydania [ , ]
    • a
    • Oznaczenie wydania (NP)
    • Wydanie 2 poprawione i rozszerzone.
260 -Strefa adresu wydawniczego [ , ]
    • a
    • Miejsce wydania (P)
    • Wrocław ;
    • a
    • Miejsce wydania (P)
    • Warszawa ;
    • a
    • Miejsce wydania (P)
    • Kraków :
    • b
    • Nazwa wydawcy (P)
    • Zakład Narodowy im.Ossolińskich Wydawnictwo,
    • c
    • Data wydania (P)
    • 1991.
300 -Strefa opisu fizycznego [ , ]
    • a
    • Określenie formy książki i/lub objętość (NP)
    • XII, 414, [3] strony, [1] karta tablic złożona :
    • b
    • Oznaczenie ilustracji (NP)
    • errata ;
    • c
    • Format (NP)
    • 25 cm.
336 -Typ zawartości [ , ]
    • a
    • Termin opisujący typ zawartości
    • Tekst
    • b
    • Kod określający zawartość
    • txt
    • 2
    • Źródło (terminu i kodu)
    • rdacontent
337 -Typ mediów [ , ]
    • a
    • Tryb odtwarzania
    • Bez urządzenia pośredniczącego
    • b
    • Kod typu mediów
    • n
    • 2
    • Źródło (terminu i kodu)
    • rdamedia
338 -Typ/rodzaj nośnika [ , ]
    • a
    • Hasło opisujące typ nośnika
    • Wolumin
    • b
    • Kod typu nośnika
    • nc
    • 2
    • Źródło (terminu i kodu)
    • rdacarrier
546 -Uwaga dot. języka [ , ]
    • a
    • Uwaga dot. języka
    • Wstęp w języku rosyjskim i francuskim.
650 -Hasło przedmiotowe [ ,7]
    • a
    • Hasło przedmiotowe
    • Imiona
    • v
    • Określnik formalny
    • słowniki wielojęzyczne.
    • 2
    • Źródło terminu
    • kaba
    • 9
    • KHW
    • 480858
700 -Hasło dodatkowe - nazwa osobowa [1, ]
    • a
    • Nazwa osobowa (NP)
    • Janowowa, Wanda. Find
    • e
    • Określenie rodzaju współpracy
    • Opracowanie
    • 9
    • KHW
    • 480697
700 -Hasło dodatkowe - nazwa osobowa [1, ]
    • a
    • Nazwa osobowa (NP)
    • Skarbek, Aldona. Find
    • e
    • Określenie rodzaju współpracy
    • Opracowanie
    • 9
    • KHW
    • 554431
700 -Hasło dodatkowe - nazwa osobowa [1, ]
    • a
    • Nazwa osobowa (NP)
    • Zbijowska, Bronisława Find
    • d
    • Daty biograficzne (NP)
    • (1922-1999).
    • e
    • Określenie rodzaju współpracy
    • Opracowanie
    • 9
    • KHW
    • 554433
700 -Hasło dodatkowe - nazwa osobowa [1, ]
    • a
    • Nazwa osobowa (NP)
    • Zbiniowska, Janina Find
    • d
    • Daty biograficzne (NP)
    • (1919-2006).
    • e
    • Określenie rodzaju współpracy
    • Opracowanie
    • 9
    • KHW
    • 554434
710 -Hasło dodatkowe - nazwa ciała zbiorowego [2, ]
    • a
    • Nazwa ciała zbiorowego lub nazwa geograficzna jako pierwszy element (NP)
    • Zakład Narodowy im. Ossolińskich.
    • b
    • Nazwa jednostki podrzędnej (P)
    • Wydawnictwo.
    • e
    • Rodzaj współpracy
    • Wydawca
    • 4
    • Kod relacji
    • pbl
    • 9
    • KHW
    • 54188
920 -ISBN [ , ]
    • a
    • ISBN
    • 83-04-03123-X Find
    • q
    • Dopowiedzenie
    • oprawa twarda
Status udost. Sygnatura Data inwentaryzacji Lokalizacja Numer inwentarzowy
1  BGZ.80840
-6  BGW.177301
-3  BGW.177254
-3  BGW.177255
1POL. Słowniki onomastyczne 03 BMP.9679
1  BMR.6556
-3 2022-06-15BMBJM.1390
1  BNSPd.5338